Communicating with data visualisation. A practical guide

Guardat en:
Dades bibliogràfiques
Autors principals: Frost, Adam (Autor), Sturt, Tobias (Autor), Kynvin, Jim (Autor), Fernández Gallardo, Sergio (Autor)
Format: Desconegut
Publicat: London, United Kingdom: SAGE Publications Ltd, 2022.
Matèries:
Etiquetes: Afegir etiqueta
Sense etiquetes, Sigues el primer a etiquetar aquest registre!

MARC

LEADER 00000 a2200000 4500
003 CL-VaPUC
005 20230620083706.0
008 230609t2022 ||||| |||| 00| 0 eng d
999 |c 440657  |d 440655 
020 |a 9781529743760 
040 |c Pontificia Universidad Católica de Valparaíso 
082 7 |a 001.4226 FRO 2022  |2 22 
100 |a Frost, Adam   |9 881811  |e author 
245 |a Communicating with data visualisation.  |b  A practical guide 
260 |a London, United Kingdom:  |b SAGE Publications Ltd,   |c 2022. 
300 |a 352 páginas:  |b  ilustraciones.  
583 |k GC  |c 20230609 
650 0 |a Visualización de información  |9 866864 
700 |a Sturt, Tobias   |e author  |9 882974 
700 |a Kynvin, Jim   |e author  |9 882975 
700 |a Fernández Gallardo, Sergio  |e author  |9 882976 
942 |2 ddc  |c BK 
952 |0 0  |1 0  |2 ddc  |4 0  |6 001_422600000000000_FRO_2022  |7 0  |8 A  |9 590412  |a BIBCUR  |b BIBCUR  |c GEN  |d 2023-06-07  |e 3  |g 166524.27  |i 5657721  |l 5  |o 001.4226 FRO 2022  |p 5657721  |q 2026-03-18  |r 2025-03-25  |s 2025-03-25  |t 1  |v 166524.27  |w 2023-06-07  |y BK  |k PER